000 00652nam a2200217 a 4500
005 20240228064137.0
008 140620s2006 mx r 000 0 spa d
020 _a8420469327
035 _aUPN01000198150
049 _aI
050 4 _aPZ7
_bD3.8
100 1 _aDanziger, Paula,
_d1944-2004
_935781
245 1 1 _a¡Vaya viaje, Ámbar! /
_cPaula Danziger ; P. Razarena ; il. de Tony Ross.
260 _aMadrid :
_bAlfaguara,
_cc2006.
300 _a[45] p. :
_bil. col.
440 0 _aA de Ámbar
650 7 _aLiteratura infantil estadounidense
_2
_99173
650 4 _aLibros y lectura para niños
_92290
905 _aInfantil
999 _c170251
_d170251